Geografía del mito y la leyenda chilenos
Saved in:
| Hovedforfatter: | |
|---|---|
| Format: | Bog |
| Sprog: | spansk |
| Udgivet: |
Santiago
Grijalbo
1999
|
| Udgivelse: | 5a. ed |
| Fag: | |
| Tags: |
Tilføj Tag
Ingen Tags, Vær først til at tagge denne postø!
|
MARC
| LEADER | 00000nam a2200000 a 4500 | ||
|---|---|---|---|
| 001 | UCH6499 | ||
| 003 | CL-VaPUC | ||
| 008 | 091109e19990000CL |||||||||||||||||spa|d | ||
| 020 | |a 9562580385 | ||
| 082 | 0 | 4 | |a 398.20983 |b PLA |2 21 |
| 100 | 0 | |a Plath, Oreste |e author |9 330038 | |
| 245 | 1 | 0 | |a Geografía del mito y la leyenda chilenos |
| 250 | |a 5a. ed | ||
| 300 | |a 408 p | ||
| 942 | |c BK | ||
| 945 | |d 20091109 00:00:00 |a ccalabra | ||
| 260 | |a Santiago |b Grijalbo |c 1999 | ||
| 650 | 7 | |a FOLKLORE |2 CL-VaPUC |9 268291 | |
| 650 | 0 | |a Folklore chileno |9 265536 | |
| 650 | 0 | |a Leyendas chilenas |9 310059 | |
| 650 | 0 | |a Mitos |9 267117 | |
| 650 | 7 | |a COSTUMBRES Y TRADICCIONES |2 CL-VaPUC |9 542438 | |
| 650 | 0 | |a Literatura folklórica |9 306605 | |
| 651 | 7 | |a CHILE |2 CL-VaPUC |9 543045 | |
| 583 | |a last modification |c 20091109 00:00:00 |k Rodrigo Vera | ||
| 999 | |c 337377 |d 337375 | ||